Определение мгновенной эффективной энергии тормозного излучения рентгеновских труб; Измерительная техника; № 8

Opis bibliograficzny
Parent link:Измерительная техника=Measurement Techniques: научно-технический журнал/ Российская Федерация, Федеральное агентство по техническому регулированию и метрологии (Ростехрегулирование) (Госстандарт России).— , 1940-1941, 1955-.— 0368-1025
№ 8.— 2003.— С. 56-58
Kolejni autorzy: Дворянкин В. Ф., Дикаев Ю. М., Кудряшов А. А., Соколовский А. А.
Język:rosyjski
Wydane: 2003
Seria:Измерения ионизирующих излучений
Hasła przedmiotowe:
Format: Rozdział
KOHA link:https://koha.lib.tpu.ru/cgi-bin/koha/opac-detail.pl?biblionumber=389952

MARC

LEADER 00000naa2a2200000 4500
001 389952
005 20231101063925.0
035 |a (RuTPU)RU\TPU\prd\22608 
090 |a 389952 
100 |a 20040212a2003 k y0rusy50 ca 
101 0 |a rus 
102 |a RU 
200 1 |a Определение мгновенной эффективной энергии тормозного излучения рентгеновских труб  |f В. Ф. Дворянкин, Ю. М. Дикаев, А. А. Кудряшов, А. А. Соколовский 
225 1 |a Измерения ионизирующих излучений 
320 |a Библиогр.: 6 назв. 
461 1 |0 (RuTPU)RU\TPU\prd\1509  |x 0368-1025  |t Измерительная техника  |l Measurement Techniques  |o научно-технический журнал  |f Российская Федерация, Федеральное агентство по техническому регулированию и метрологии (Ростехрегулирование) (Госстандарт России)  |d 1940-1941, 1955- 
463 1 |0 (RuTPU)RU\TPU\prd\17594  |t № 8  |v С. 56-58  |d 2003 
610 1 |a магнитная эффективная энергия 
610 1 |a тормозное рентгеновское излучение 
610 1 |a эпитаксиальные структуры GaAs 
610 1 |a фотоотклик детектора 
610 1 |a мощность экспозиционной дозы 
610 1 |a рентгеновское излучение 
610 1 |a пульсации 
675 |a 520.34:523.42  |v 3 
701 1 |a Дворянкин  |b В. Ф. 
701 1 |a Дикаев  |b Ю. М. 
701 1 |a Кудряшов  |b А. А. 
701 1 |a Соколовский  |b А. А. 
801 1 |a RU  |b 63413507  |c 20040212  |g PSBO 
801 2 |a RU  |b 63413507  |c 20121217  |g RCR 
942 |c BK